000 01147nam a22003377a 4500
003 CHAP
005 20220329134809.0
008 971013s1985 r 00010 d
010 _a26090
011 _a27062
035 _a31163
040 _cCHAP
082 _a633.18
_bI5p 1985
110 _aInternational Rice Research Institute
_959779
245 _aParentage of IRRI crosses IRI-IR 50,000
_b: genetic evaluation and utilization (GEV) program
250 _a2 ed.
260 _aManila :
_bThe Institute,
_c1985
300 _aca. 300 p
590 _aBATCH-UPD
_b10
_c20130109
_lUCH01
_h2329
590 _aBATCH-UPD
_b10
_c20130110
_lUCH01
_h2121
590 _aBATCH-UPD
_b10
_c20130410
_lUCH01
_h1431
590 _aBATCH-UPD
_b10
_c20130914
_lUCH01
_h0408
590 _aCONVERSION
_b10
_c20130109
_lUCH01
_h1315
650 1 4 _aArroz
_xGenética.
_97613
650 1 4 _aArroz
_xHíbridos.
_97619
650 1 4 _aArroz
_xVariedades.
_97668
901 _aBK
942 _cLIBRO
949 _a633.18 I5p 1985
_bBC
_cLIBRO
_d33724000210068
_eLIBRO
_fc.2
_gI.c/e
_h68952
_i31163
_si
949 _a633.18 I5p 1985
_bBC
_cLIBRO
_d33724000212783
_eLIBRO
_h68325
_i31163
_mD
_si
999 _c26090
_d26090